书目信息 |
| 题名: |
MARINO ICU诊疗学
|
|
| 作者: | 马里诺 , 加尔瓦尼奥 原著 ;孙运波 , 山峰 主译 | |
| 分册: | ||
| 出版信息: | 北京 中国科学技术出版社 2019.10 |
|
| 页数: | 707页 | |
| 开本: | 21cm | |
| 丛书名: | ||
| 单 册: | ||
| 中图分类: | R459.7 | |
| 科图分类: | ||
| 主题词: | 险症--xian zheng--诊疗 | |
| 电子资源: | ||
| ISBN: | 978-7-5046-8290-1 | |
| 000 | 01442nam0 2200325 450 | |
| 001 | CAL 0120192879887 | |
| 005 | 20230217093111.0 | |
| 010 | @a978-7-5046-8290-1@b精装@dCNY158.00 | |
| 100 | @a20191022d2019 em y0chiy0120 ea | |
| 101 | 1 | @achi@ceng |
| 102 | @aCN@b110000 | |
| 105 | @aa a 000yy | |
| 106 | @ar | |
| 200 | 1 | @aMARINO ICU诊疗学@AMARINO ICU zhen liao xue@d= Marino's the little ICU book@f原著 (美) Paul L. Marino, Samuel M. Galvagno Jr.@g主译孙运波, 山峰@zeng |
| 210 | @a北京@c中国科学技术出版社@d2019.10 | |
| 215 | @a707页@c图 (部分彩图)@d21cm | |
| 300 | @a精华版 | |
| 305 | @a据原书第2版译出 | |
| 314 | @aMarino规范汉译姓: 马里诺 Galvagno规范汉译姓: 加尔瓦尼奥 | |
| 320 | @a有书目 | |
| 330 | @a本书系统介绍了ICU领域诊疗方面的具体问题, 对各类急、危、重症患者的诊疗及监护等方面进行了重点阐述, 还增补了血管导管、职业暴露、机械通气的其他替代模式、胰腺炎与肝衰竭、非药物治疗引起的中毒症候群等内容。重点突出了急、危、重症医学领域的最新研究成果。总之, 这是一本理论先进、内容丰富、思路缜密、权威性强的ICU领域权威译著。 | |
| 500 | 10 | @aMarino's the little ICU book@mChinese |
| 606 | 0 | @a险症@Axian zheng@x诊疗 |
| 690 | @aR459.7@v5 | |
| 701 | 1 | @a马里诺@Ama li nuo@g(Marino, Paul L.)@4原著 |
| 701 | 1 | @a加尔瓦尼奥@Ajia er wa ni ao@g(Galvagno, Samuel M. Jr.)@4原著 |
| 702 | 0 | @a孙运波@Asun yun bo@4主译 |
| 702 | 0 | @a山峰@Ashan feng@4主译 |
| 801 | 0 | @aCN@bBJXHZP@c20230228 |
| 905 | @b1383623-6@dR459.7@e168@f4 | |
| MARINO ICU诊疗学= Marino's the little ICU book/原著 (美) Paul L. Marino, Samuel M. Galvagno Jr./主译孙运波, 山峰.-北京:中国科学技术出版社,2019.10 |
| 707页:图 (部分彩图);21cm |
| 精华版 |
| ISBN 978-7-5046-8290-1(精装):CNY158.00 |
| 本书系统介绍了ICU领域诊疗方面的具体问题, 对各类急、危、重症患者的诊疗及监护等方面进行了重点阐述, 还增补了血管导管、职业暴露、机械通气的其他替代模式、胰腺炎与肝衰竭、非药物治疗引起的中毒症候群等内容。重点突出了急、危、重症医学领域的最新研究成果。总之, 这是一本理论先进、内容丰富、思路缜密、权威性强的ICU领域权威译著。 |
| ● |
| 相关链接 |
|
|
|
|
正题名:MARINO ICU诊疗学
索取号:R459.7/168
 
预约/预借
| 序号 | 登录号 | 条形码 | 馆藏地/架位号 | 状态 | 备注 |
| 1 | 1383623 | 213836232 | 第二样本阅览室/ [索取号:R459.7/168] | 在馆 | |
| 2 | 1383624 | 213836241 | 第三借阅区/ [索取号:R459.7/168] | 在馆 | |
| 3 | 1383625 | 213836250 | 第三借阅区/ [索取号:R459.7/168] | 在馆 | |
| 4 | 1383626 | 213836269 | 第三借阅区/ [索取号:R459.7/168] | 在馆 |